| 000 | 01954cam a22005054i 4500 | ||
|---|---|---|---|
| 003 | PE-LiUPU | ||
| 005 | 20250731184606.0 | ||
| 008 | 150616s r 000 0 d | ||
| 020 | _a0801010187 | ||
| 035 | _a(Sirsi) i9780801010187 | ||
| 040 |
_aPE-LiUPU _bspa _cPE-LiUPU _erda |
||
| 049 | _aPRUA | ||
| 082 | 0 | 4 |
_a933 _bB48 _221 |
| 100 | 1 |
_aBierling, Neal, _eautor. |
|
| 245 | 1 | 0 |
_aGiving Goliath his due : _bnew archaeological light on the Philistines / _cNeal Bierling ; foreword by Paul L. Maier. |
| 264 | 1 |
_aGrand Rapids, Michigan : _bBaker Book House, _c1992. |
|
| 300 |
_a281 páginas ; _c23 centímetros |
||
| 336 |
_atext _2rdacontent |
||
| 337 |
_aunmediated _2rdamedia |
||
| 338 |
_avolume _2rdacarrier |
||
| 505 | 0 | _aThe philistines in scripture.- Ekron: The archaeological record.- The origins of the philistines.- The philistines from jo0shua to david.- The philistines from david to solomon.- The philistines from solomon to hezekiah.- The philistines from hezekiah to josiah.- The final destruction of philistia. | |
| 526 | _aP136 | ||
| 526 | _aP135 | ||
| 526 | _aP134 | ||
| 526 | _aP133 | ||
| 526 | _aP144 | ||
| 526 | _aP143 | ||
| 526 | _aP87 | ||
| 526 | _aP35 | ||
| 526 | _aP20 | ||
| 526 | _aP14 | ||
| 526 | _aP10 | ||
| 526 | _aP06 | ||
| 630 |
_aBiblia. _pA.T. _xHistoria de eventos contemporáneos. |
||
| 650 | 0 | 4 |
_aExcavaciones (Arqueología) _zIsrael. |
| 650 | 0 | 4 |
_aFilisteos. _93128 |
| 700 | 1 |
_aPaul L. Maier, _eprologuista. |
|
| 910 |
_ajck _bjvq _cjck |
||
| 942 |
_2ddc _cBOOK |
||
| 949 |
_a933 B48 _wDEWEY _c1 _i41249 _lCCODEBUL1 _mBUL _r0 _sY _tBOOK _u2015-6-16 _xTEOLOGIA _zUNKNOWN _0COMPRA _o.STAFF. Colección General |
||
| 994 |
_aC0 _bPEPRU |
||
| 596 | _a1 | ||
| 999 |
_a933 B48 _wDEWEY _c58912 _i41249 _f2021-11-11 _g5 _lCCODEBUL1 _mBUL _r0 _sY _tBOOK _u2015-6-16 _xTEOLOGIA _zUNKNOWN _0COMPRA _o.STAFF. Colección General _d58912 |
||
| 980 |
_81 _gALBERTO SANCHEZ Responsable de Automatización |
||